<?xml version="1.0" encoding="UTF-8"?>
<record
    xmlns:xsi="http://www.w3.org/2001/XMLSchema-instance"
    xsi:schemaLocation="http://www.loc.gov/MARC21/slim http://www.loc.gov/standards/marcxml/schema/MARC21slim.xsd"
    xmlns="http://www.loc.gov/MARC21/slim">

  <leader>01657nam a22001577a 4500</leader>
  <datafield tag="999" ind1=" " ind2=" ">
    <subfield code="c">519224</subfield>
    <subfield code="d">519224</subfield>
  </datafield>
  <controlfield tag="008">220215b           ||||| |||| 00| 0 eng d</controlfield>
  <datafield tag="100" ind1=" " ind2=" ">
    <subfield code="a"> Agarwal, Abha and Lata, Kusum </subfield>
    <subfield code="9">32269</subfield>
  </datafield>
  <datafield tag="245" ind1=" " ind2=" ">
    <subfield code="a">Mainstreaming pandemic in urban planning: An overview</subfield>
  </datafield>
  <datafield tag="260" ind1=" " ind2=" ">
    <subfield code="a">Indian Journal of Public Administration  </subfield>
  </datafield>
  <datafield tag="300" ind1=" " ind2=" ">
    <subfield code="a">67(3), Sep, 2021: p.413-424</subfield>
  </datafield>
  <datafield tag="520" ind1=" " ind2=" ">
    <subfield code="a">Cities, the main places where majority of the world population resides, are the centres of economic growth and innovation. Globally, the urban areas are facing public health emergency (Covid-19 pandemic), which has affected the economic and social lives of people and all the activities have come to a standstill. The issue of urban vulnerability has been brought up in context to pandemics and communities need to be prepared for it. The article focuses on the measures taken by the Indian government during the lockdown and about how successful were these measures in controlling the spread of the virus infection. The lacunae in the urban planning policies have been analysed with a focus on community participation in the decision-making to combat disasters. Examples of successful community participation in cities from India and abroad have been highlighted. Finally, policy initiatives have been identified by which the future epidemics can be handled in an organised manner, by making the urban planning process more citizen centric. &#x2013; Reproduced </subfield>
  </datafield>
  <datafield tag="650" ind1=" " ind2=" ">
    <subfield code="a">Pandemic, Urban planning, community participation, URDPFI guidelines, Community-led ebola action, Local area plans</subfield>
    <subfield code="9">29904</subfield>
  </datafield>
  <datafield tag="773" ind1=" " ind2=" ">
    <subfield code="a">Indian Journal of Public Administration  </subfield>
  </datafield>
  <datafield tag="906" ind1=" " ind2=" ">
    <subfield code="a">URBAN PLANNING</subfield>
  </datafield>
  <datafield tag="942" ind1=" " ind2=" ">
    <subfield code="c">AR</subfield>
  </datafield>
  <datafield tag="952" ind1=" " ind2=" ">
    <subfield code="0">0</subfield>
    <subfield code="1">0</subfield>
    <subfield code="2">ddc</subfield>
    <subfield code="4">0</subfield>
    <subfield code="7">0</subfield>
    <subfield code="9">393275</subfield>
    <subfield code="a">IIPA</subfield>
    <subfield code="b">IIPA</subfield>
    <subfield code="d">2022-02-15</subfield>
    <subfield code="h">67(3), Sep, 2021: p.413-424</subfield>
    <subfield code="p">AR126256</subfield>
    <subfield code="r">2022-02-15</subfield>
    <subfield code="y">AR</subfield>
  </datafield>
</record>
